Géographie européenne par lettre - K - Statistiques

Statistiques générales
  • Ce quiz a été pris 549 fois
  • Le résultat moyen est 8 sur 20
Statistiques - réponses
indice répondre % Correct
Capitale de l'ukraine Kiev
100%
Cet état partiellement reconnu fait-il partie de la Serbie? Kosovo
93%
Complexe fortifié au centre de Moscou Kremlin
70%
Nom allemand pour Cologne Köln
66%
Ville russe et enclave limitrophe de la Pologne Ka{liningrad}
60%
Comté anglais le plus proche de la France Ke{nt}
52%
Ville allemande sur la mer Baltique Kiel
48%
Palais royal à Londres palais de Ken{sington}
41%
La 2e plus grande ville de Pologne, en polonais Kr{aków}
39%
Ville allemande sur le Rhin, près de la France Karl{sruhe}
38%
Nom complet de la ville anglais de Hull King{ston} upon Hull
28%
Ville centrale de Haute-Silésie en Pologne Kato{wice}
27%
Île croate avec trois lettres et pas de voyelles Krk
24%
Grande ville russe sur la Volga Ka{zan}
21%
Nom danois pour Copenhague Køb{enhavn}
19%
Ville grecque (et olive violette) Kala{mata}
16%
Ville irlandaise fondée en 1609 Kil{kenny}
16%
Son nom précédent, quand il faisait partie de l'Allemagne Kö{nigsberg}
16%
La 2e plus grande ville de Slovaquie, après Bratislava Koš{ice}
15%
Mer arctique au nord de la russie Mer de Ka{ra}
14%
Aucun quiz correspondant
Distribution des résultats
% des personnes avec chaque résultat
Percentile par nombre de réponses
Votre historique - résultats
Vous n’avez pas pris ce quiz